000 00997cam a2200289 i 4500
001 51560
003 Mx-PuUPA
005 20221206090528.0
008 140415s2004 mx a gr 000 0 spa d
020 _a9688637408
040 _aMX-PuUPA
_bspa
_erda
_cMx-PuUPA
_dMx-PuUPA
041 0 _aspa
100 1 _aVictoria Romero, Blanca Verónica,
_eautor
_96550
245 1 0 _aSexualidad, amor y envejecimiento /
_cBlanca Verónica Victoria Romero.
250 _aPrimera edición
264 1 _aMéxico, D.F. :
_bBenemérita Universidad Autónoma de Puebla,
_c2004
300 _a278 páginas :
_bilustraciones (en blanco y negro) ;
_c21 cm
336 _atexto
_2rdacontent
_btxt
337 _asin medio
_2rdamedia
_bn
338 _avolumen
_2rdacarrier
_bnc
545 _aReimpresión: (Primera, 2006).
650 7 _aSexualidad
_2armarc
942 _2ddc
_cLI
_h155.3
_iV627
999 _c51560
_d51560